| 000 | 00748nam a22001577a 4500 | ||
|---|---|---|---|
| 999 |
_c527462 _d527462 |
||
| 008 | 240830b ||||| |||| 00| 0 eng d | ||
| 100 |
_a Betsey, Charles _947293 |
||
| 110 |
_a _947294 |
||
| 245 | _a Wilson, John Silvanus, Jr. Hope and healing: black colleges and the future of American democracy | ||
| 260 | _aJournal of Economic Literature | ||
| 300 | _a62(2), Jun, 2024: p.816-818 | ||
| 520 | _aBetsey, Charles. 2024. "Wilson, John Silvanus, Jr. Hope and Healing: Black Colleges and the Future of American Democracy." Journal of Economic Literature, 62 (2): 816–18.-Reproduced https://www.aeaweb.org/articles?id=10.1257/jel.62.2.807.r6 | ||
| 773 | _aJournal of Economic Literature | ||
| 906 | _aBOOK REVIEW | ||
| 942 | _cAR | ||